Guess the FC Barcelona player #4 - Statistics

General Stats
  • This quiz has been taken 25 times
  • The average score is 9 of 16
Answer Stats
Picture Answer % Correct
Lionel Messi
100%
Ansu Fati
95%
İlkay Gündoğan
91%
Thiago Alcântara
77%
Éric Abidal
64%
Junior Firpo
64%
Mikel Arteta
64%
Jérémy Mathieu
59%
Gerard Deulofeu
50%
Alex Song
45%
Nico González
45%
Luis Suárez
41%
Ronald de Boer
36%
Phillip Cocu
27%
Vítor Baía
27%
Michael Reiziger
14%
No matching quizzes found
Score Distribution
Percent of People with Each Score
Percentile by Number Answered
Your Score History
You have not taken this quiz